000 00565nam a2200217Ia 4500
003 OSt
005 20220918192000.0
006 a|||||r|||| 00| 0
007 ta
008 220917b |||||||| |||| 00| 0 eng d
024 _a66,384
037 _cTextual
040 _aARTS
_cARTS
_beng
041 _2eng
_aeng
082 _aR2, L3
100 _aMargolis Joseph
_919042
245 0 _aKnowledge and existence
_b an introduction to philosophical problems
260 _c1973
942 _hR2, L3
_cTEXL
_2CC
999 _c192617
_d192617